000 00322nam a2200109Ia 4500
008 200302s9999 xx 000 0 und d
100 _aThomas J. Campanella
245 _aThe Concrete Dragon China's Urban Revolution and What it Means for the World
260 _bPrinceto Architectural Press
260 _c2008
300 _a334
999 _c3324
_d3324